| 000 | 00405nam a2200121Ia 4500 | ||
|---|---|---|---|
| 999 |
_c19820 _d19820 |
||
| 082 | _aRR 016.30926309597 S | ||
| 100 | _aCentre on Integrated Rural Development for Asia & the Pacifi | ||
| 245 | 0 | _aSelect annotated bibliography on integrated rural development,Vietnam | |
| 260 |
_aDhaka _bCIRDAP _c1987 |
||
| 300 | _a34p. | ||
| 440 | _aCIRDAP Documentation, Regional Bibliography Series No. 11 | ||
| 942 | _cBK | ||